000 00588cam a22002173a 4500
001 44401
003 PGUSA
005 20140828084020.0
008 131209s2013||||xxu|||||s|||||000 | eng d
040 _aPGUSA
_beng
042 _adc
100 1 _aNorton, Carol,
_d1876-
245 1 4 _aThe Phantom Yacht
_h[electronic resource] /
_cCarol Norton
260 _bProject Gutenberg,
_c2013
506 _aPublic domain in the USA.
516 _aElectronic text
700 1 _aCurley, D.
830 0 _aProject Gutenberg
_v44401
856 4 0 _uhttp://www.gutenberg.org/ebooks/44401
942 _cEB
999 _c273652
_d273652